00434nam a2200097Ia 4500001000400000008004100004082001400045100001800059245024200077260001700319858241024s9999 xx 000 0 und d a370/C336l aJuan Casassus 0aLaboratorio latinoamericano de evaluación de la calidad de la Educación. primer Estudio Inaternacional Comparativo, Sobre lenguaje, mateméticas y factores asociados, para alumnos del tercer y cuarto grado de la educación básica bUNESCOc2000